| 000 | 00477nam a22001697a 4500 | ||
|---|---|---|---|
| 003 | CEME | ||
| 005 | 20210628205121.0 | ||
| 008 | 210226b xxu||||| |||| 00| 0 eng d | ||
| 040 | _c. | ||
| 082 | _a669.141 GRA'W | ||
| 100 |
_aWalton, Charles F _974007 |
||
| 245 | _aGray and ductile iron casting handbook | ||
| 260 |
_aVLEVELAND _bGRAY AND DUCTLIN _c1971 |
||
| 300 | _a679P | ||
| 650 |
_aINCLUDING DATA ON GRAY DUCTILES WHITE AND HIGH ALLOY IRONS _974008 |
||
| 942 |
_cBK _2ddc |
||
| 999 |
_c579595 _d579595 |
||